| 000 | 00977nam0a22003011 4500 | ||
|---|---|---|---|
| 001 | RU\NLR\INFOCOMM_161\5000034148 | ||
| 005 | 20260306131055.0 | ||
| 035 | _a(NLR Aleph) 009089059 | ||
| 090 |
_a8030214 _c8030214 |
||
| 100 | _a20081219d1928 k y0rusy50 ca | ||
| 101 | 0 | _ager | |
| 102 | _aRU | ||
| 105 | _ay m|||000yy | ||
| 181 | 0 |
_ai4 _baxxe |
|
| 182 | 0 | _an | |
| 200 | 1 |
_aUntersuchungen über die Organisation landwirtschaftlicher Betriebe in Ostpreußen in der Vor- und Nachkriegszeit _eInaugural-Dissertation _fvon Karl Barabas |
|
| 203 |
_aТекст _bвизуальный _cнепосредственный |
||
| 210 |
_aKönigsberg Pr. _c[s.n.] _d1928 |
||
| 215 |
_a[4], 103 с. _d23 см |
||
| 320 | _aБиблиогр.: с. 101-102 | ||
| 686 |
_aЭ5д(4г)250.136 _2rubbk |
||
| 700 | 1 |
_aBarabas _bK. _f1901- _gKarl _4070 |
|
| 801 | 0 |
_aRU _bNLR _gPSBO |
|
| 801 | 1 |
_aRU _bNLR _c20081219 |
|
| 852 |
_aNLR _jЭк51 В-5/15 |
||
| 942 | _cUNSPEC | ||
| 980 | _aNB | ||